Zameranie Spoločnej zahraničnej a bezpečnostnej politiky EÚ voči krajinám Západného Balkánu diplomová práca

Saved in:
Bibliographic Details
Main Author: Novotná, Júlia
Corporate Author: Fakulta medzinárodných vzťahov EU. Katedra medzinárodných ekonomických vzťahov a hospodárskej diplomacie
Other Authors: Dolná, Ľudmila, 1976-
Format: Book
Language:Slovak
Published: Bratislava 2017
Tags: Add Tag
No Tags, Be the first to tag this record!

MARC

LEADER 00000nbm a2200000 4500
001 0231996
005 20180220155041.1
041 0 |a slo 
044 |a SK 
245 1 0 |a Zameranie Spoločnej zahraničnej a bezpečnostnej politiky EÚ voči krajinám Západného Balkánu  |b diplomová práca  |c Júlia Novotná ; školiteľ: Ľudmila Dolná 
264 1 |a Bratislava  |c 2017 
300 |a 81 s. 
100 1 |a Novotná, Júlia 
700 1 |a Dolná, Ľudmila, 1976- 
710 2 |a Fakulta medzinárodných vzťahov EU. Katedra medzinárodných ekonomických vzťahov a hospodárskej diplomacie